| 000 | 00638cam a22001931 4500 | ||
|---|---|---|---|
| 082 |
_a385.1 _bACW |
||
| 100 | 1 |
_aAcworth, W. M. _949743 |
|
| 245 | 1 | 4 |
_aThe elements of railway economics, _cby Sir William M. Acworth |
| 250 | _aNew ed., rev. and enl. by the author and W. T. Stephenson | ||
| 260 |
_aOxford, _bThe Clarendon press, _c[1924. pref.] |
||
| 300 |
_a216 p. _c19 cm. |
||
| 500 | _a"First published 1905." | ||
| 526 |
_a0 _b0 _c0 _d385_100000000000000_ACW |
||
| 650 | 0 |
_aMCE _9379 |
|
| 650 | 0 |
_aRailroads _xFinance. _938343 |
|
| 650 | 0 |
_aRailroads _xFreight _xRates. _949744 |
|
| 700 | 1 |
_aStephenson, W. T. _949745 |
|
| 942 |
_2ddc _cBK |
||
| 999 |
_c552514 _d552514 |
||